Unas Bodas de plata : la Granja Escuela de agricultura de Caldas de Montbuy / la Granja Escuela de agricultura de Caldas de Montbuy /
Colección:
San Jorge,
; núm. 5 (gener 1952), pàg 58
Materias:
Escola Pràctica d'Agricultura (Caldes de Montbui)
; Escola Pràctica d'Agricultura (Caldes de Montbui) -- Aniversaris, etc.
; Escoles d'agronomia -- Barcelona (Província)
; Agricultura -- Ensenyament -- Barcelona (Província)
Idioma:
Español
MARC
| LEADER | 00000naa a2200000 a 4500 | ||
|---|---|---|---|
| 003 | Arxiu | ||
| 005 | 20260324181041.0 | ||
| 008 | 160829s1952 spc xx s spa c | ||
| 040 | |a agdb | ||
| 100 | 1 | |a Aliberch, Ramon, |d 1888-1965 |9 21621 | |
| 245 | 0 | 5 | |a Unas Bodas de plata : |b la Granja Escuela de agricultura de Caldas de Montbuy / |c Ramón Aliberch |
| 246 | 3 | 3 | |a Granja Escuela de agricultura de Caldas de Montbuy |
| 490 | |a San Jorge, |v núm. 5 (gener 1952), pàg 58 | ||
| 610 | 2 | 0 | |9 54571 |a Escola Pràctica d'Agricultura (Caldes de Montbui) |
| 610 | 2 | 0 | |9 54685 |a Escola Pràctica d'Agricultura (Caldes de Montbui) |x Aniversaris, etc. |
| 650 | 0 | |a Escoles d'agronomia |9 54693 |z Barcelona (Província) | |
| 650 | 0 | |a Agricultura |x Ensenyament |x Barcelona (Província) |9 30524 |2 Arxiu | |
| 773 | |g Núm. 5 (gener 1952), pàg 58 |t San Jorge. | ||
| 901 | |a Arxiu | ||
| 942 | |n 1 |2 udc |c ART | ||
| 952 | |0 0 |1 0 |4 0 |6 REV508 |7 1 |9 64629 |a Arxiu |b Arxiu |d 2022-12-02 |l 0 |o Rev-508 |r 2022-12-02 00:00:00 |w 2022-12-02 |y ARXIU |z També disponible a Rev-521 | ||
| 999 | |c 49070 |d 49070 | ||